000 01272nab a2200241 i 4500
001 768714001
003 CO-MdFUSB
005 20240709123750.0
008 240709t2000 sz ||||| |||| 00| 0 eng d
040 _bspa
_cCO-MdFUSB
_dCO-MdFUSB
041 _aeng
100 _aWährisch-Oblau, Claudia,
_eautor
245 _aTogether on the way in Germany
_c/ Claudia Währisch-Oblau
520 _aMisión en unidad: unirse como el colorido y multicultural cuerpo de Cristo en Alemania: esta es la visión que comparte un número cada vez mayor de cristianos tanto en las iglesias autóctonas alemanas como en las de inmigrantes. Aún serán necesarios muchos pasos hasta que esta visión se haga realidad. Pero como dice el proverbio chino: "Incluso un viaje de mil millas comienza con el primer paso." Hemos comenzado a caminar juntos en el camino.
546 _aTexto en inglés.
650 0 _aMisiones
_9154
650 0 _aReforma de la iglesia
_9958
650 0 _aEvangelización
_9362
650 7 _aTeología pastoral y unidad cristiana
_97183
773 0 _049396
_959519
_dGinebra
_oR1156
_tReformed World
_w(CO-MdFUSB)38
_x0034-3056
_gVolumen 50, (número 4, 2000) páginas: 187 - 194
_qpágina: 187
942 _cANA
945 _aCatherine Arias Álvarez - Practicante SENA
999 _c70460
_d70460